Catálogo

E-business : (Registro nro. 61511)

Detalles MARC
000 -LEADER
fixed length control field 00943cam a2200289 i 4500
001 - CONTROL NUMBER
control field 61511
003 - CONTROL NUMBER IDENTIFIER
control field Mx-PuUPA
005 - DATE AND TIME OF LATEST TRANSACTION
control field 20251003090650.0
008 - FIXED-LENGTH DATA ELEMENTS--GENERAL INFORMATION
fixed length control field 141006s2006 enka gr 001 0 eng d
020 ## - INTERNATIONAL STANDARD BOOK NUMBER
International Standard Book Number 97804700843865
020 ## - INTERNATIONAL STANDARD BOOK NUMBER
International Standard Book Number 10470843764
040 ## - CATALOGING SOURCE
Original cataloging agency Mx-PuUPA
Language of cataloging spa
Transcribing agency Mx-PuUPA
Modifying agency Mx-PuUPA
Description conventions rda
041 0# - LANGUAGE CODE
Language code of text/sound track or separate title eng
100 1# - MAIN ENTRY--PERSONAL NAME
Personal name Papazoglou, M.,
Dates associated with a name 1953-
Relator term autor
9 (RLIN) 9248
245 10 - TITLE STATEMENT
Title E-business :
Remainder of title organizational and technical foundations /
Statement of responsibility, etc. Michael P. Papazoglou and Pieter M.A. Ribbers
264 31 - PRODUCTION, PUBLICATION, DISTRIBUTION, MANUFACTURE, AND COPYRIGHT NOTICE
Place of production, publication, distribution, manufacture England :
Name of producer, publisher, distributor, manufacturer John Wiley & sons,
Date of production, publication, distribution, manufacture, or copyright notice 2006
300 ## - PHYSICAL DESCRIPTION
Extent xxviii, 722 páginas :
Other physical details diagramas ;
Dimensions 24 cm.
336 ## - CONTENT TYPE
Content type term texto
Fuente rdacontent
Content type code txt
337 ## - MEDIA TYPE
Media type term sin medio
Source rdamedia
Media type code n
338 ## - CARRIER TYPE
Carrier type term volumen
Source rdacarrier
Carrier type code nc
650 #4 - SUBJECT ADDED ENTRY--TOPICAL TERM
Topical term or geographic name entry element Comercio electrónico
General subdivision Administración
650 #4 - SUBJECT ADDED ENTRY--TOPICAL TERM
Topical term or geographic name entry element Empresas
General subdivision Administración
700 1# - ADDED ENTRY--PERSONAL NAME
Personal name Ribbers, Pieter M.A.,
Relator term autor
942 ## - ADDED ENTRY ELEMENTS (KOHA)
Source of classification or shelving scheme Library of Congress Classification
Koha item type Libro
Classification part 381.142
Item part P213
Existencias
Withdrawn status Lost status Source of classification or shelving scheme Damaged status Not for loan Collection code Home library Current library Shelving location Date acquired Source of acquisition Total Checkouts Full call number Barcode Date last seen Date last checked out Price effective from Koha item type
    Dewey Decimal Classification     Doble grado Biblioteca Karol Wojtyla Biblioteca Karol Wojtyla Sala general 07/10/2014 Compra 1 381.142 P213 2006 92306 05/01/2026 13/08/2018 15/01/2016 Reserva permanente